| 000 | 01106nam0a22002651 4500 | ||
|---|---|---|---|
| 001 | rc\760370 | ||
| 005 | 20040301142629.1 | ||
| 035 | _a(NLR Aleph) 006288158 | ||
| 090 |
_a7121008 _c7121008 |
||
| 100 | _a20040301d1985 u |0rusy50 ca | ||
| 101 | 0 | _arus | |
| 102 | _aRU | ||
| 105 | _aa ||||||||| | ||
| 200 | 1 |
_aФизико-химические методы анализа _eПракт. руководство для студентов хим. фак. _fС.П. Муштакова, Е.Г. Кулапина, Л.К. Сухова _g[Сарат. гос. ун-т им. Н.Г. Чернышевского] |
|
| 210 |
_aСаратов _cИзд-во Сарат. ун-та _d1985 |
||
| 215 |
_a85 с. _cил. _d20 |
||
| 320 | _aБиблиогр. в конце глав | ||
| 700 | 1 |
_aМуштакова _bС. П. _gСветлана Петровна |
|
| 701 | 1 |
_aКулапина _bЕ. Г. _gЕлена Григорьевна |
|
| 701 | 1 |
_aСухова _bЛ. К. _gЛидия Константиновна |
|
| 801 | 0 |
_aRU _bNLR _gpsbo |
|
| 801 | 1 |
_aRU _bELAR _2rusmarc |
|
| 852 |
_aNLR _j87-4/2935 |
||
| 942 | _cBOOK | ||
| 980 | _aNB | ||